<?xml version="1.0" encoding="UTF-8"?>
<record
    xmlns:xsi="http://www.w3.org/2001/XMLSchema-instance"
    xsi:schemaLocation="http://www.loc.gov/MARC21/slim http://www.loc.gov/standards/marcxml/schema/MARC21slim.xsd"
    xmlns="http://www.loc.gov/MARC21/slim">

  <leader>02192cam a2200481 i 4500</leader>
  <controlfield tag="001">zz2005822934</controlfield>
  <controlfield tag="003">NUKAT</controlfield>
  <controlfield tag="005">20260425103049.0</controlfield>
  <controlfield tag="008">050217s1938    un           |001 0 pol c</controlfield>
  <datafield tag="035" ind1=" " ind2=" ">
    <subfield code="a">(OCoLC)838028603</subfield>
  </datafield>
  <datafield tag="035" ind1=" " ind2=" ">
    <subfield code="a">(NUKAT)zz2005822934</subfield>
  </datafield>
  <datafield tag="040" ind1=" " ind2=" ">
    <subfield code="a">GD U/AJ</subfield>
    <subfield code="c">GD U/AJ</subfield>
    <subfield code="d">GD U/AJ</subfield>
    <subfield code="d">GD U/KMs</subfield>
    <subfield code="d">WA U/DUNASA</subfield>
    <subfield code="d">KR U/mal</subfield>
  </datafield>
  <datafield tag="041" ind1="0" ind2=" ">
    <subfield code="a">pol</subfield>
    <subfield code="b">fre</subfield>
  </datafield>
  <datafield tag="044" ind1=" " ind2=" ">
    <subfield code="a">un</subfield>
    <subfield code="a">pl</subfield>
  </datafield>
  <datafield tag="100" ind1="1" ind2=" ">
    <subfield code="a">Kosto&#x142;owski, Erazm</subfield>
    <subfield code="d">(1912-1940).</subfield>
    <subfield code="9">40515</subfield>
  </datafield>
  <datafield tag="245" ind1="1" ind2="0">
    <subfield code="a">Studia nad kwesti&#x105; w&#x142;o&#x15B;cia&#x144;sk&#x105; w latach 1846-1864 ze szczeg&#xF3;lnym uwzgl&#x119;dnieniem literatury politycznej =</subfield>
    <subfield code="b">&#xC9;tudes sur la question paysanne (1846-1864) en consid&#xE9;ration particuli&#xE8;re de la litt&#xE9;rature politique /</subfield>
    <subfield code="c">Erazm Kosto&#x142;owski.</subfield>
  </datafield>
  <datafield tag="246" ind1="3" ind2="1">
    <subfield code="a">&#xC9;tudes sur la question paysanne (1846-1864) en consid&#xE9;ration particuli&#xE8;re de la litt&#xE9;rature politique</subfield>
  </datafield>
  <datafield tag="260" ind1=" " ind2=" ">
    <subfield code="a">Lw&#xF3;w ;</subfield>
    <subfield code="a">Warszawa :</subfield>
    <subfield code="b">Sk&#x142;ad g&#x142;&#xF3;wny: Kasa im. Rektora J. Mianowskiego - Instytut Popierania Polskiej Tw&#xF3;rczo&#x15B;ci Naukowej,</subfield>
    <subfield code="c">1938.</subfield>
  </datafield>
  <datafield tag="300" ind1=" " ind2=" ">
    <subfield code="a">XI, [1], 407 s. :</subfield>
    <subfield code="b">err. ;</subfield>
    <subfield code="c">24 cm.</subfield>
  </datafield>
  <datafield tag="336" ind1=" " ind2=" ">
    <subfield code="a">Tekst</subfield>
    <subfield code="b">txt</subfield>
    <subfield code="2">rdacontent</subfield>
  </datafield>
  <datafield tag="337" ind1=" " ind2=" ">
    <subfield code="a">Bez urz&#x105;dzenia po&#x15B;rednicz&#x105;cego</subfield>
    <subfield code="b">n</subfield>
    <subfield code="2">rdamedia</subfield>
  </datafield>
  <datafield tag="338" ind1=" " ind2=" ">
    <subfield code="a">Wolumin</subfield>
    <subfield code="b">nc</subfield>
    <subfield code="2">rdacarrier</subfield>
  </datafield>
  <datafield tag="380" ind1=" " ind2=" ">
    <subfield code="a">Ksi&#x105;&#x17C;ki</subfield>
  </datafield>
  <datafield tag="490" ind1="1" ind2=" ">
    <subfield code="a">Badania z Dziej&#xF3;w Spo&#x142;ecznych i Gospodarczych ;</subfield>
    <subfield code="v">nr 33</subfield>
  </datafield>
  <datafield tag="504" ind1=" " ind2=" ">
    <subfield code="a">Bibliogr. s. 1-9. Indeks.</subfield>
  </datafield>
  <datafield tag="536" ind1=" " ind2=" ">
    <subfield code="a">Z zasi&#x142;ku zwrotnego Ministerstwa Wyzna&#x144; Religijnych i O&#x15B;wiecenia Publicznego</subfield>
  </datafield>
  <datafield tag="546" ind1=" " ind2=" ">
    <subfield code="a">Streszcz. fr.</subfield>
  </datafield>
  <datafield tag="648" ind1=" " ind2="7">
    <subfield code="a">1801-1900</subfield>
    <subfield code="2">DBN</subfield>
    <subfield code="9">36037</subfield>
  </datafield>
  <datafield tag="650" ind1=" " ind2="7">
    <subfield code="a">Ch&#x142;opi</subfield>
    <subfield code="2">DBN</subfield>
    <subfield code="9">36401</subfield>
  </datafield>
  <datafield tag="650" ind1=" " ind2="7">
    <subfield code="a">Uw&#x142;aszczenie ch&#x142;op&#xF3;w</subfield>
    <subfield code="2">DBN</subfield>
    <subfield code="9">40513</subfield>
  </datafield>
  <datafield tag="650" ind1=" " ind2="7">
    <subfield code="a">Ch&#x142;opi</subfield>
    <subfield code="z">Polska</subfield>
    <subfield code="x">sytuacja gospodarcza</subfield>
    <subfield code="y">19 w.</subfield>
    <subfield code="2">kaba</subfield>
    <subfield code="9">40512</subfield>
  </datafield>
  <datafield tag="650" ind1=" " ind2="7">
    <subfield code="a">Ch&#x142;opi</subfield>
    <subfield code="z">Polska</subfield>
    <subfield code="x">sytuacja spo&#x142;eczna</subfield>
    <subfield code="y">19 w.</subfield>
    <subfield code="2">kaba</subfield>
    <subfield code="9">40511</subfield>
  </datafield>
  <datafield tag="651" ind1=" " ind2="7">
    <subfield code="a">Galicja (kraina historyczna)</subfield>
    <subfield code="2">DBN</subfield>
    <subfield code="9">35236</subfield>
  </datafield>
  <datafield tag="651" ind1=" " ind2="7">
    <subfield code="a">Polska</subfield>
    <subfield code="2">DBN</subfield>
    <subfield code="9">35076</subfield>
  </datafield>
  <datafield tag="651" ind1=" " ind2="7">
    <subfield code="a">Zab&#xF3;r pruski</subfield>
    <subfield code="2">DBN</subfield>
    <subfield code="9">35237</subfield>
  </datafield>
  <datafield tag="651" ind1=" " ind2="7">
    <subfield code="a">Zab&#xF3;r rosyjski</subfield>
    <subfield code="2">DBN</subfield>
    <subfield code="9">35238</subfield>
  </datafield>
  <datafield tag="658" ind1=" " ind2=" ">
    <subfield code="a">Historia</subfield>
  </datafield>
  <datafield tag="658" ind1=" " ind2=" ">
    <subfield code="a">Polityka, politologia, administracja publiczna</subfield>
  </datafield>
  <datafield tag="658" ind1=" " ind2=" ">
    <subfield code="a">Socjologia i spo&#x142;ecze&#x144;stwo</subfield>
  </datafield>
  <datafield tag="710" ind1="2" ind2=" ">
    <subfield code="a">Kasa im. Mianowskiego - Instytut Popierania Nauki.</subfield>
    <subfield code="4">pbl</subfield>
    <subfield code="9">580</subfield>
  </datafield>
  <datafield tag="830" ind1=" " ind2="0">
    <subfield code="a">Badania z Dziej&#xF3;w Spo&#x142;ecznych i Gospodarczych</subfield>
    <subfield code="x">0067-2793</subfield>
    <subfield code="v">nr 33</subfield>
    <subfield code="9">1645</subfield>
  </datafield>
  <datafield tag="942" ind1=" " ind2=" ">
    <subfield code="2">ddc</subfield>
    <subfield code="c">BK_NM</subfield>
  </datafield>
  <datafield tag="999" ind1=" " ind2=" ">
    <subfield code="c">27761</subfield>
    <subfield code="d">27761</subfield>
  </datafield>
  <datafield tag="952" ind1=" " ind2=" ">
    <subfield code="0">0</subfield>
    <subfield code="1">0</subfield>
    <subfield code="2">ddc</subfield>
    <subfield code="4">0</subfield>
    <subfield code="7">0</subfield>
    <subfield code="8">PBKH</subfield>
    <subfield code="a">BIP</subfield>
    <subfield code="b">PBKH</subfield>
    <subfield code="d">2026-04-25</subfield>
    <subfield code="e">K-69/1965</subfield>
    <subfield code="f">K</subfield>
    <subfield code="i">16415</subfield>
    <subfield code="l">0</subfield>
    <subfield code="o">16415</subfield>
    <subfield code="p">IPWK16680</subfield>
    <subfield code="r">2026-04-25 10:33:30</subfield>
    <subfield code="w">2026-04-25</subfield>
    <subfield code="y">BK_NM</subfield>
  </datafield>
</record>
